Design of Reinforced Concrete Structures / (Record no. 36647)

MARC details
000 -LEADER
fixed length control field 00480nam a22001697a 4500
005 - DATE AND TIME OF LATEST TRANSACTION
control field 20241007133810.0
008 - FIXED-LENGTH DATA ELEMENTS--GENERAL INFORMATION
fixed length control field 241007b |||||||| |||| 00| 0 eng d
020 ## - INTERNATIONAL STANDARD BOOK NUMBER
ISBN 978-81-203-3193-8
082 ## - DEWEY DECIMAL CLASSIFICATION NUMBER
Classification number 624.1831
Item number GAM-D
100 ## - MAIN ENTRY--AUTHOR
Author Name Gambhir, M. L
245 ## - TITLE STATEMENT
Title Design of Reinforced Concrete Structures /
Statement of responsibility, etc. M. L. Gambhir
260 ## - PUBLICATION, DISTRIBUTION, ETC.
Place of Publication India :
Name of publisher, distributor, etc. PHI Learning ;
Date of publication, distribution, etc. 2010.
300 ## - PHYSICAL DESCRIPTION
Pages xv, 723 p. :
500 ## - GENERAL NOTE
General note Include Index.
650 ## - SUBJECT ADDED ENTRY--TOPICAL TERM
Subject / Department Civil / Engineering
300 ## - PHYSICAL DESCRIPTION
-- 25 cm.
952 ## - LOCATION AND ITEM INFORMATION (KOHA)
-- 0
-- 0
952 ## - LOCATION AND ITEM INFORMATION (KOHA)
-- 0
-- 0
Holdings
Lost status Damaged status Collection code Permanent Location Current Location Shelving Location Date acquired Full Call Number Accession No./Barcode Date last seen Copy number item type Koha item type
    Engineering Superior Information Resource Center (SIRC) Superior University- Main Campus Superior Information Resource Center (SIRC) Superior University- Main Campus Civil 10/07/2024 624.1831 GAM-D 2010 29470 10/07/2024 1 BOOK BOOK
    Engineering Superior Information Resource Center (SIRC) Superior University- Main Campus Superior Information Resource Center (SIRC) Superior University- Main Campus Civil 10/07/2024 624.1831 GAM-D 2010 29471 10/07/2024 2 BOOK BOOK

Powered by Koha